000 00616nam a2200229Ia 4500
003 OSt
005 20220918180726.0
006 a|||||r|||| 00| 0
007 ta
008 220917b |||||||| |||| 00| 0 eng d
024 _a23,764
037 _cTextual
040 _aARTS
_cARTS
_beng
041 _2eng
_aeng
082 _aO:90P:75, H7
100 _aTuve Rosemond
245 0 _aElizabethan and metaphysical imagery renaissance poetic and 20th century critics
260 _c1947
650 _aENGLISH LITERATURE
942 _hO:90P:75, H7
_cTEXL
_2CC
999 _c162804
_d162804